| 000 | 00761nam a2200265Ia 4500 | ||
|---|---|---|---|
| 001 | Para_4870 | ||
| 003 | CHAP | ||
| 008 | 220125s1933 xx 000 0 und d | ||
| 010 | _a203311 | ||
| 040 | _cCHAP | ||
| 090 | _aPA FOLLETO 2305 | ||
| 100 |
_aHoerner, J. L. _9169040 |
||
| 245 |
_aThe alfalfa webworm (Loxostege commixtalis walker) / _c J. L. Hoerner |
||
| 260 |
_aFort Collins : _b Colorado Agricultural College |
||
| 300 | _a12 p. | ||
| 440 |
_aColorado State Entomologis Circular; 58 _9169041 |
||
| 650 |
_aLoxostege Alfalfa _x Plagas _9169042 |
||
| 901 | _aPA FOLLETO 2305 | ||
| 902 | _aA | ||
| 905 | _a0000001933 FOR 0000000000 00 | ||
| 910 | _a1933 | ||
| 942 | _cPARA | ||
| 942 |
_cPARA _d1 |
||
| 999 |
_c203311 _d203311 |
||